000 00406nam a2200181Ia 4500
001 465
005 20260306140520.0
008 260306t2004||||xx |||||||||||||| ||spa||
041 _aESP
082 _a121
_bH48
100 _aHessen, Juan
_eAUT
245 0 _aTeoría del conocimiento
260 _c2004
300 _a149 páginas :
_c17 cm.
650 _aGEN
654 _aCHU
942 _cLIB
_dJUS
_fJUS
_2ddc
_n
999 _c465
_d465